| 000 | 00727nam a2200205 4500 | ||
|---|---|---|---|
| 001 | 131618 | ||
| 003 | ES-MaACL | ||
| 005 | 20230906194020.0 | ||
| 007 | t| | ||
| 008 | 070214s1983 sp r ||||1| spa d | ||
| 100 | 1 |
_aRodrÃguez de Gracia, Hilario. _998448 |
|
| 245 | 1 | 0 |
_aPobreza y beneficencia en la provincia _b: (1500-1800) / _cHilario RodrÃguez de Gracia. |
| 260 |
_aToledo : _bInstituto Provincial de Investigaciones y Estudios Toledanos, _c1983. |
||
| 300 |
_a67 p. ; _c21 cm. |
||
| 490 | 1 |
_aTemas toledanos ; _v26 |
|
| 710 | 2 |
_aInstituto Provincial de Investigaciones y Estudios Toledanos. _95217 |
|
| 830 | 0 |
_aTemas toledanos ; _v26 _9181269 |
|
| 852 |
_aES-MaACL _jL-6382 _bR.106681 |
||
| 999 |
_c131618 _d131618 |
||